Dr. Szántó Imre A helytörténeti kutatások elmélyítik a szocialista hazafiságot
Elmentve itt :
| Dokumentumtípus: | Cikk |
|---|---|
| Megjelent: |
1976-09-19
|
| Sorozat: | Délmagyarország
66 No. 222 |
| Kulcsszavak: | Szántó Imre |
| Online Access: | http://dmarchiv.bibl.u-szeged.hu/100107 |
| LEADER | 00459nab a2200145 i 4500 | ||
|---|---|---|---|
| 001 | delm100107 | ||
| 005 | 20190503093717.0 | ||
| 008 | 190503s1976 hu o 0|| hun d | ||
| 040 | |a SZTE Délmagyarország Archívum |b hun | ||
| 041 | |a hun | ||
| 245 | 0 | 0 | |a Dr. Szántó Imre |h [elektronikus dokumentum] : |b A helytörténeti kutatások elmélyítik a szocialista hazafiságot |
| 260 | |c 1976-09-19 | ||
| 300 | |a 3 | ||
| 490 | 0 | |a Délmagyarország |v 66 No. 222 | |
| 695 | |a Szántó Imre | ||